Piłkarze Tottenhamu Hotspur - nagła śmierć - Statystyki

Ogólne statystyki
  • Ten quiz został rozwiązany 262 razy
  • Średni wynik to 14 z 19
Answers on the Grid
Answers color-coded by a green-red scale on the quiz's grid according to % correct below.
Ronaldinho
Harry Kane
Gareth Bale
Thierry Henry
Luka Modrić
Jamie Vardy
Łukasz Fabiański
Heung-min Son
Christian Eriksen
Steven Gerrard
Dele Alli
Paolo Maldini
Cesc Fàbregas
Hugo Lloris
Kyle Walker
Hakim Ziyech
Ivan Perišić
Luís Figo
Dominic Solanke
Dejan Kulusevski
Lucas Moura
Alan Shearer
Michael Carrick
Kylian Mbappé
Jude Bellingham
Toby Alderweireld
Frank Lampard
Fabio Cannavaro
Grzegorz Rasiak
Dennis Bergkamp
Jadon Sancho
Jan Vertonghen
Viktor Gyökeres
Dimitar Berbatov
Victor Osimhen
Nani
Martin Ødegaard
Rafael van der Vaart
Serge Aurier
Artur Boruc
 
Statystyki odpowiedzi
Odpowiedź % Poprawnych
Harry Kane
98%
Gareth Bale
96%
Heung-min Son
90%
Hugo Lloris
87%
Luka Modrić
87%
Dele Alli
86%
Dejan Kulusevski
85%
Christian Eriksen
84%
Dominic Solanke
82%
Lucas Moura
78%
Kyle Walker
77%
Ivan Perišić
74%
Toby Alderweireld
74%
Jan Vertonghen
69%
Serge Aurier
65%
Rafael van der Vaart
57%
Grzegorz Rasiak
54%
Dimitar Berbatov
49%
Michael Carrick
33%
Nie znaleziono quizów pasujących do podanych kryteriów
Rozkład punktacji
Procent ludzi z każdym wynikiem
Percentyl według liczby udzielonych odpowiedzi
Twoja historia wyników
Nie rozwiązałeś tego quizu